000
00475nam a2200133Ia 4500
008
100328s9999 xx 000 0 und d
082
_b
67086
100
_a
देशपांडे उर्मिला.
245
_a
क्षण एक पुरे प्रेमाचा.
260
_b
सुयोग.
630
_a
क्षण एक पुरे प्रेमाचा.
730
_a
क्षण एक पुरे प्रेमाचा.
942
_c
BOOK
999
_c
552825
_d
552822